00997nam a2200217 a 450000100100000000500170001000800410002704000250006808200190009310000400011224501080015226000630026030000270032365000230035065000310037365000280040470000340043295201350046695201610060199900170076200002079320260114121206.0100817nuuuuuuuudr a 000 0 spa d aDO-SdBNPbspacBPJMB a372.832bR177a1 aRamírez Báez, Ramón O.94286710aAprendamos a vivir juntos :bestudios sociales 1 /cRamón O. Ramírez Báez y Héctor Rodríguez. aSanto Domingo, República Dominicana :bSusaeta,c[19??]. a88 p. :bil. ;c25 cm. 0aCiudadanía96372 0aEducación cívica91206 0aCiencias sociales910651 aRodríguez, Héctor.912028 00102ddc51708PDaBNPHUbBNPHUcCTd2014-06-24l0oBNPHU PD 372.832 R177ap20793-10r2020-06-25w2020-06-25yLBS1ZNo se presta 00102ddc51708PDaBNPHUbBNPHUcCTd2024-07-12eDonado por Emilio Cordero Michell0oBNPHU PD 372.832 R177ap2024-4394r2024-07-12te.2w2024-07-12yLBS1 c20297d20297